000 01618nam a2200385 c 4500
003 BLK
005 20240405092115.0
008 180407b bul|||||r ||||||| ||bul||
010 _aKNG00032707000
020 _a954-737-064-2
_bиздат.: Аб
040 _aBLK
041 _aBUL
_cBUL
080 _aДраматични театри. Театри за драма и комедия. Вж и 82-2
_b792.2
_x.072(497.2)(092)
_z792.2.072(497.2)(092)
080 _aБългарски театровед
_b929 Тенев, Любомир Димов
_x
_z929 Тенев, Любомир Димов
700 1 _aЦолов, Димитър
_eсъстав.
_9366493
139 _aКнига за професор Любомир Тенев
_bТ 48
245 1 0 _aКнига за професор Любомир Тенев
_cсъстав. Димитър Цолов.
257 _aBGR
260 София
_bАб
_c2000
300 _a291 с.
_bсъс сн.
_c21 см
380 _a7
500 _aОфс. изд. - 500 тир.
600 0 _aТенев, Любомир Димов
_d1915-1993
_gТеатрален теоретик и критик.
_9270635
650 4 _aТеатроведи, български - спомени
_9266077
650 4 _aТенев, Любомир Димов
_9270635
651 4 _aБългария
_9241624
653 _aЛюбомир Тенев
653 _aтеатроведи
852 _aЦб 204887
856 4 _qpdf
_u
856 4 _qpdf
_u
942 _cKNG
_n0
944 _aCR
_c15.01.2003
_lГеновева Генчева
_k30560
944 _aED
_c21.01.2010
_lф /
_k
999 _c30075
_d30075